000 00602cam a2200217 4500500
005 20260329001304.0
041 _afre
042 _adc
100 1 0 _aElie, Pauline
_eauthor
245 0 0 _aMéfions-nous des faiseurs d’ignorance
260 _c2024.
500 _a67
690 _aCommunication
690 _aEntreprise
690 _aEnvironnement
690 _aIndustrie
690 _aSciences
690 _aTechnologie
786 0 _nPhilonomist | - | 2 | 2024-03-06 | p. 22-25
856 4 1 _uhttps://shs.cairn.info/magazine-philonomist-2024-2-page-22?lang=fr&redirect-ssocas=7080
999 _c1803908
_d1803908